000 01342nam a2200349 a 4500
999 _c3403
_d3403
003 AKMAL
005 20170522152526.0
008 170522t2008 mau e 000 0 eng d
020 _a9781422179710 (hbk.) :
_cRM88.00
040 _aAKMAL
082 0 0 _a658.406 KOT
_222
090 0 0 _a658.406
_bKOT
100 1 _aKotter, John P.,
_d1947-
_95751
245 1 2 _aA sense of urgency /
_cJohn Kotter
260 _aBoston, Mass. :
_bHarvard Business Press,
_cc2008
300 _axii, 196p. :
_bill. ;
_c22cm.
650 1 0 _aOrganizational change
_9567
650 2 0 _aLeadership
_9120
650 2 0 _aHuman resource management
_96878
942 _2ddc
_cBOOK